Logo BPK

Biblioteka

Politechniki Koszalińskiej

Cienkościenne elementy i konstrukcje budowlane : (Rekord nr 47145)

Szczegóły MARC
000 -ETYKIETA REKORDU
podpole kontrolne o stałej długości 00378nam a2200133 i 4500
001 - NUMER KONTROLNY REKORDU
pole kontrolne bg
040 ## - ŹRÓDŁO KATALOGOWANIA
Instytucja, która utworzyła rekord BPK
041 ## - KOD JĘZYKA
Kod języka tekstu pol
080 ## - UNIWERSALNA KLASYFIKACJA DZIESIĘTNA - UKD
UKD 624(061.3)
008 - POLE O STAŁEJ DŁUGOŚCI - DANE KONTROLNE
podpole kontrolne o stałej długości s pl f |000 0 pol
245 #0 - TYTUŁ/ODPOWIEDZIALNOŚĆ
Tytuł Cienkościenne elementy i konstrukcje budowlane :
Ciąg dalszy tytułu międzynarodowe sympozjum.
Oznaczenie części/sekcji dzieła Cz. 2,
Tytuł części/sekcji dzieła Metody obliczania i wymiarowania.
260 ## - STREFA ADRESU WYDAWNICZEGO
Miejsce wydania Łódź,
Data publikacji, dystrybucji/powstania dokumentu 1976.
856 ## - LOKALIZACJA I DOSTĘP DO ELEKTRONICZNYCH DOKUMENTÓW ZDALNYCH
Link (URL) http://koha.tu.koszalin.pl/cgi-bin/koha/opac-detail.pl?biblionumber=47145
Tekst linku Katalog online BPK
942 ## - DODATKOWE ELEMENTY (KOHA)
Typ dokumentu Książka
Egzemplarze
Wycofany Status egzemplarza Uszkodzony Dostępność Lokalizacja stała Lokalizacja bieżąca Miejsce przechowywania Sygnatura Kod kreskowy Typ dokumentu
      Dostępny Biblioteka Politechniki Koszalińskiej Biblioteka Politechniki Koszalińskiej Wypożyczalnia BG 21636/2 02070292 Książka
      Dostępny Biblioteka Politechniki Koszalińskiej Biblioteka Politechniki Koszalińskiej Wypożyczalnia BG 21637/2 01448399 Książka
© 2023 Biblioteka Politechniki Koszalińskiej :: KOHA